00370nam a2200145Ia 4500008004100000020001800041041000800059082001400067100001500081245005300096260003500149300000900184500001400193650001700207220803s9999 xx 000 0 und d a81-85861-30-7 aeng a711.4 SEA aSeabrook J aConsuming Cultures Globalization And Local Lives aKolkatabEarthcare Booksc2007 a289p aLandscape aUrban Design